Introduction to humanities : (Record no. 290915)
[ view plain ]
| 000 -LEADER | |
|---|---|
| fixed length control field | 00757nam a2200277Ia 4500 |
| 003 - CONTROL NUMBER IDENTIFIER | |
| control field | SMC |
| 005 - DATE AND TIME OF LATEST TRANSACTION | |
| control field | 20160624165323.0 |
| 008 - FIXED-LENGTH DATA ELEMENTS--GENERAL INFORMATION | |
| fixed length control field | 160216s9999 xx 000 0 und d |
| 020 ## - INTERNATIONAL STANDARD BOOK NUMBER | |
| International Standard Book Number | 971-08-5602-2 |
| 050 ## - LIBRARY OF CONGRESS CALL NUMBER | |
| Classification number | FIL AZ 151 |
| 050 ## - LIBRARY OF CONGRESS CALL NUMBER | |
| Item number | .E88 2010 |
| 100 ## - MAIN ENTRY--PERSONAL NAME | |
| Personal name | Estolas, Josefina V. |
| 245 ## - TITLE STATEMENT | |
| Title | Introduction to humanities : |
| Remainder of title | arts for fine living / |
| 245 ## - TITLE STATEMENT | |
| Statement of responsibility, etc | Josefina V. Estolas, Clarita G. Javier, Nieves Pada - Payno. |
| 260 ## - PUBLICATION, DISTRIBUTION, ETC. (IMPRINT) | |
| Place of publication, distribution, etc | Mandaluyong : |
| 260 ## - PUBLICATION, DISTRIBUTION, ETC. (IMPRINT) | |
| Name of publisher, distributor, etc | National Book Store, |
| 260 ## - PUBLICATION, DISTRIBUTION, ETC. (IMPRINT) | |
| Date of publication, distribution, etc | 2010 |
| 300 ## - PHYSICAL DESCRIPTION | |
| Extent | 270 pages : |
| 300 ## - PHYSICAL DESCRIPTION | |
| Other physical details | ill. ; |
| 300 ## - PHYSICAL DESCRIPTION | |
| Dimensions | 22 cm. |
| 500 ## - GENERAL NOTE | |
| General note | Includes bibliographical references. |
| 650 ## - SUBJECT ADDED ENTRY--TOPICAL TERM | |
| Topical term or geographic name as entry element | Humanities -- |
| 650 ## - SUBJECT ADDED ENTRY--TOPICAL TERM | |
| Topical term or geographic name as entry element | Philippines. |
| 650 ## - SUBJECT ADDED ENTRY--TOPICAL TERM | |
| General subdivision | Study and teaching. |
| 942 ## - ADDED ENTRY ELEMENTS (KOHA) | |
| Source of classification or shelving scheme | Library of Congress Classification |
| Koha item type | Books |
| Withdrawn status | Lost status | Damaged status | Home library | Current library | Shelving location | Date acquired | Total Checkouts | Full call number | Barcode | Date last seen | Price effective from | Koha item type |
|---|---|---|---|---|---|---|---|---|---|---|---|---|
| South Mansfield College | South Mansfield College | Filipiniana Section | FIL AZ 151 .E88 2010 | SMC05335 | 05/17/2017 | 02/16/2016 |